2025 March Madness Upsets - Statistics

General Stats
  • This quiz has been taken 470 times
    453 since last reset
  • The average score is 8 of 11
Answer Stats
Round Seed Team Defeated Seed Team % Correct
64 5 Clemson 12 McNeese
94%
64 7 Kansas 10 Arkansas
89%
32 2 St. John's 10 Arkansas
89%
64 5 Memphis 12 Colorado State
78%
64 6 Missouri 11 Drake
78%
64 8 Louisville 9 Creighton
76%
32 3 Wisconsin 6 BYU
71%
32 4 Texas A&M 5 Michigan
70%
64 8 Mississippi State 9 Baylor
69%
64 7 Marquette 10 New Mexico
62%
32 3 Iowa State 6 Ole Miss
59%
No matching quizzes found
Score Distribution
Percent of People with Each Score
Percentile by Number Answered
Your Score History
You have not taken this quiz since the last reset